000 00570nam a2200205 4500
001 4650567
005 20180223081628.0
008 710429s1971 cau b 001 0 eng
010 _a 79140892
040 _aDLC
_cDLC
_dDLC
041 _aeng
080 _a808.04275 CAR
082 0 0 _a808.04275 CAR
100 1 _a21
101 _aGJL
245 1 0 _aQuestioning: a thematic and rhetorical reader
_c[compiled by] Steven R. Carter [and] Mark Curran.
504 _aIncludes bibliographies.
906 _a7
_bcbc
_corignew
_d2
_encip
_f19
_gy-gencatlg
942 _2ddc
_cBK
999 _c43298
_d43298